LEADER 01274nam a2200313 i 4500 001 991002069889707536 005 20020508185944.0 008 931026s1973 it 00| 0 ita d 035 $ab10954697-39ule_inst 035 $aPARLA153951$9ExL 040 $aDip.to Filosofia$bita 082 0 $a320.8 100 1 $aRonchey, Alberto$0249970 245 10$aAtlante ideologico /$cAlberto Ronchey 260 $aMilano :$bGarzanti,$c1973 300 $a371 p. ;$c19 cm 440 2$aI Garzanti ;$v423 650 4$aPolitica$ySec. 20. 650 4$aIdeologia 650 4$aSocieta$ySec. 20. 907 $a.b10954697$b21-09-06$c28-06-02 912 $a991002069889707536 945 $aLE005 MF 13 M 33$g1$i2005000228667$lle005$o-$pE0.00$q-$rl$s- $t0$u0$v0$w0$x0$y.i11062897$z28-06-02 945 $aLE002 Fondo Giudici E 1229$g1$i2002000228581$lle002$nC. 1$o-$pE0.00$q-$rn$so $t0$u0$v0$w0$x0$y.i13726249$z05-08-04 945 $aLE002 Dir. III N 2$g1$i2002000475466$lle002$o-$pE0.00$q-$rl$s- $t0$u0$v0$w0$x0$y.i1033936x$z27-06-02 945 $aLE022 MP 78 H 21$g1$i2022000094900$lle022$o-$pE0.00$q-$rl$s- $t0$u0$v0$w0$x0$y.i1391859x$z08-11-04 996 $aAtlante ideologico$9615663 997 $aUNISALENTO 998 $ale005$ale002$ale022$b01-01-93$cm$da $e-$fita$git $h0$i1